Les personnages de Baldi's Basics - Statistiques

Statistiques générales
  • Ce quiz a été pris 10 fois
  • Le résultat moyen est 11 sur 16
Statistiques - réponses
Par images Réponse % Correct
Baldi
100%
1st Prize
83%
It's a Bully
83%
Playtime
83%
Principal
83%
Arts and Crafters
67%
Gotta Sweep
67%
Johnny
67%
Me
67%
Mrs Pomp
67%
Null
67%
Beans
50%
Cloudy
50%
Dr Reflex
50%
The Test
50%
Chalkles
17%
Aucun quiz correspondant
Distribution des résultats
% des personnes avec chaque résultat
Percentile par nombre de réponses
Votre historique - résultats
Vous n’avez pas pris ce quiz